[Event "Hradec Kralove Region-chT 2223"]
[Site "Czech Republic"]
[Date "2023.02.12"]
[Round "8.5"]
[White "Semerak, Pavel"]
[Black "Mrazek, Vladimir"]
[Result "1-0"]
[WhiteElo "2016"]
[BlackElo "1813"]
[PlyCount "99"]
[EventDate "2022.10.09"]
[EventType "team-tourn"]
[EventRounds "11"]
[EventCountry "CZE"]
[SourceTitle "EXT 2024"]
[Source "ChessBase"]
[SourceDate "2023.10.10"]
[SourceVersion "1"]
[SourceVersionDate "2023.10.10"]
[SourceQuality "1"]

1. d4 d5 2. c4 e6 3. Nc3 Nf6 4. Nf3 c6 5. Bg5 Be7 6. e3 0-0 7. Qc2 h6 8. Bh4 Nbd7 9. Bd3 dxc4 10. Bxc4 Nd5 11. Bg3 a6 12. a3 Re8 13. 0-0 N7f6 14. e4 Nxc3 15. bxc3 Nh5 16. e5 Nxg3 17. hxg3 b5 18. Bd3 Bb7 19. Be4 Qc7 20. c4 Rac8 21. c5 a5 22. Bh7+ Kh8 23. Bd3 Red8 24. Qe2 Qd7 25. Rfd1 g6 26. g4 Kg7 27. g3 Rh8 28. Kg2 Rce8 29. Qe3 Bd8 30. Nd2 f5 31. exf6+ Bxf6 32. Nf3 Qc7 33. Qe4 Qf7 34. Bb1 Re7 35. Ba2 Rhe8 36. Rd2 Rf8 37. Rad1 Qe8 38. Ne5 Bxe5 39. dxe5 Qf7 40. f4 Rc8 41. Rd6 Rcc7 42. Qd4 Bc8 43. Rf1 Rcd7 44. f5 gxf5 45. gxf5 Rxd6 46. cxd6 Rb7 47. fxe6 Qg6 48. Qf4 Bxe6 49. Qf8+ Kh7 50. Bb1 1-0

[Event "Hradec Kralove Region-chT 2223"]
[Site "Czech Republic"]
[Date "2022.11.27"]
[Round "4.6"]
[White "Mrazek, Vladimir"]
[Black "Pribik, Petr"]
[Result "1/2-1/2"]
[WhiteElo "1813"]
[BlackElo "1780"]
[PlyCount "29"]
[EventDate "2022.10.09"]
[EventType "team-tourn"]
[EventRounds "11"]
[EventCountry "CZE"]
[SourceTitle "EXT 2024"]
[Source "ChessBase"]
[SourceDate "2023.10.10"]
[SourceVersion "1"]
[SourceVersionDate "2023.10.10"]
[SourceQuality "1"]

1. d4 d5 2. Nf3 Nf6 3. e3 e6 4. Bd3 Bd6 5. 0-0 0-0 6. Nbd2 Nbd7 7. Re1 e5 8. e4 dxe4 9. Nxe4 Nxe4 10. Bxe4 Nf6 11. Bg5 exd4 12. Qxd4 Be7 13. Rad1 Qxd4 14. Rxd4 Be6 15. h3 1/2-1/2

[Event "Hradec Kralove Region-chT 0506"]
[Site "Czech Republic"]
[Date "2006.02.19"]
[Round "8.5"]
[White "Nevole, Vladimir"]
[Black "Mrazek, Vladimir"]
[Result "1/2-1/2"]
[WhiteElo "2129"]
[BlackElo "1789"]
[PlyCount "44"]
[EventDate "2005.10.23"]
[EventType "team-tourn"]
[EventRounds "11"]
[EventCountry "CZE"]
[SourceTitle "EXT 2024"]
[Source "ChessBase"]
[SourceDate "2023.10.10"]
[SourceVersion "1"]
[SourceVersionDate "2023.10.10"]
[SourceQuality "1"]
[WhiteTeam "Hradec Kralove Slavia III"]
[BlackTeam "Lipa II"]
[WhiteTeamCountry "CZE"]
[BlackTeamCountry "CZE"]

1. d4 d5 2. Nf3 Nf6 3. c4 e6 4. Nc3 c6 5. Bg5 Be7 6. e3 Nbd7 7. Qc2 0-0 8. Bd3 dxc4 9. Bxc4 Nd5 10. Bxe7 Qxe7 11. a3 Re8 12. 0-0 Nxc3 13. Qxc3 e5 14. dxe5 Nxe5 15. Nxe5 Qxe5 16. Qxe5 Rxe5 17. Rad1 Bf5 18. Rd6 Rae8 19. Rfd1 h6 20. h3 Kf8 21. Be2 Be6 22. R6d4 Rd5 1/2-1/2

[Event "Hradec Kralove Region-chT 0506"]
[Site "Czech Republic"]
[Date "2006.01.08"]
[Round "5.6"]
[White "Kuchar, Jiri"]
[Black "Mrazek, Vladimir"]
[Result "1/2-1/2"]
[WhiteElo "1971"]
[BlackElo "1789"]
[PlyCount "50"]
[EventDate "2005.10.23"]
[EventType "team-tourn"]
[EventRounds "11"]
[EventCountry "CZE"]
[SourceTitle "EXT 2024"]
[Source "ChessBase"]
[SourceDate "2023.10.10"]
[SourceVersion "1"]
[SourceVersionDate "2023.10.10"]
[SourceQuality "1"]
[WhiteTeam "Nachod Sokol"]
[BlackTeam "Lipa II"]
[WhiteTeamCountry "CZE"]
[BlackTeamCountry "CZE"]

1. e4 c5 2. Nc3 Nc6 3. f4 g6 4. Nf3 d6 5. Bc4 Bg7 6. d3 e6 7. 0-0 Nge7 8. Bd2 0-0 9. Qe1 Na5 10. a4 Nxc4 11. dxc4 a6 12. Rd1 Nc6 13. Bc1 Qe7 14. g4 Nd4 15. Nxd4 Bxd4+ 16. Kh1 b6 17. Ne2 Bg7 18. Ng3 Bb7 19. Kg1 Bd4+ 20. Be3 Bxe3+ 21. Qxe3 f6 22. Rd3 Rad8 23. Rfd1 Rd7 24. b4 Rfd8 25. Qd2 d5 1/2-1/2